Why people commit crime: an exploration (Record no. 22857)

MARC details
000 -LEADER
fixed length control field 00307nam a2200109Ia 4500
100 ## - MAIN ENTRY--AUTHOR NAME
Personal name Verma, Arvind
245 #0 - TITLE STATEMENT
Title Why people commit crime: an exploration
260 ## - PUBLICATION, DISTRIBUTION, ETC. (IMPRINT)
Name of publisher Indian Council of Social Science Research, New Delhi
Year of publication 0
300 ## - PHYSICAL DESCRIPTION
Number of Pages 41
504 ## - BIBLIOGRAPHY, ETC. NOTE
Bibliography, etc Includes appendix and bibliography
942 ## - ADDED ENTRY ELEMENTS (KOHA)
Koha item type Research Reports
Source of classification or shelving scheme Dewey Decimal Classification
Holdings
Withdrawn status Lost status Damaged status Not for loan Collection code Home library Current library Date acquired Source of acquisition Bill Date Accession Number Price effective from Koha item type
      Not For Loan ICSSR Research Project Reports NASSDOC Library NASSDOC Library 14/06/2007 Gifted by : RP&F Division, ICSSR 2007-06-07 43581 18/04/2019 Research Reports